| 000 | 00897nam a22002535i 4500 | ||
|---|---|---|---|
| 001 | 176138 | ||
| 003 | ES-MaACL | ||
| 005 | 20250822040311.0 | ||
| 008 | 101220s1974 sp f |||| | spa d | ||
| 020 | _a84-249-2445-2 | ||
| 080 | _a616.89 | ||
| 100 | 1 |
_aLópez Ibor, Juan José, _d1906-1991 _973703 |
|
| 245 | 1 | 3 |
_aEl cuerpo y la corporalidad / _cJ.J. López Ibor y J.J. López-Ibor Aliño. |
| 260 |
_aMadrid : _bGredos, _c[1974] |
||
| 300 |
_a252, [2] p., [3] h. de lám. ; _c19 cm. |
||
| 490 | 1 |
_aBiblioteca de psicología y psicoterapia. Serie minor ; _v3 |
|
| 504 | _aBibliografía: p. 233-244. | ||
| 597 | _aErrores de encuadernación. | ||
| 650 | 7 |
_aPsiquiatría _2embne _916586 |
|
| 700 | 1 |
_aLópez-Ibor Aliño, J. J. _973704 |
|
| 830 | 1 | 0 |
_aBiblioteca de psicología y psicoterapia _v3 _9189553 |
| 852 | 4 |
_aES-MaACL _jE-13826 _xOlim P-1849 |
|
| 999 |
_c176138 _d176138 |
||